00721nam a2200193 i 4500001000300000100004500003245007500048260005300123490005900176650002000235700003700255830005500292020001500347040000800362041000800370080001000378008004100388856009800429bg1 aIngarden, Roman Stanisławd(1920-2011). 0aClassical electrodynamics /cRoman S. Ingarden, Jamiołkowski Andrzej. aAmsterdam ;aWarszawa :bElsevier :bPWN,c1985.1 aStudies in Electrical and Electronic Engineering ;v12 9aElektrodynamika1 aJamiołkowski, Andrzejd(1946- ) aStudies in Electrical and Electronic Engineering ; a0444996044 cBPK apol a537.6 s pl f |000 0 pol  uhttp://koha.tu.koszalin.pl/cgi-bin/koha/opac-detail.pl?biblionumber=23808yKatalog online BPK